Etiqueta de registo: 00254nam 2200025 450
001 2287799
003 http://id.bnportugal.gov.pt/bib/catbnp/2287799
010 ## $a978-989-589-782-7
021 ## $aPT$b561987/26
100 ## $a20260612d2026 m y0pory01030103ba
101 1# $apor$ceng
102 ## $aPT
105 ## $ay z 000yy
106 ## $ar
200 1# $a Os dias$fPatrick Ryan$gtrad. Dinis Pires
205 ## $a1ª ed
210 #9 $aLisboa$cPinguin,$d2026
215 ## $a430 p.$d23 cm
304 ## $aTít. orig.: Buckeye
700 #1 $aRyan,$bPatrick$32000505
702 #1 $aPires,$bDinis$4730$31420953
801 #0 $aPT$bBN$gRPC
966 ## $lBN$mFGMON$x1
966 ## $lBN$mFGMON$x1
971 ## $cisantos$d20260612